000 01002nam a22002897a 4500
001 BR8108293
003 BR-BrBNA
005 20230928091148.0
007 ta
008 230509b bl.||||| |||| 00| 0 por d
040 _aBR-BrBNA
_bpor
_cBiblioteca Nacional de Agricultura
041 _a(Eng)
072 _aF10; U10
_b/G514
090 _ F10 BR8108293
100 1 _aGaragony, F.L.
100 1 _aPorto, E.R.
110 1 _aEmpresa Brasileira de Pesquisa Agropecuaria, Brasilia, DF (Brasil). Depto. de Metodos Quantitativos
_93848
111 1 _a1. Inter-American Symposium on Agro-Climatic Modeling and Information Systems
_cCaracas (Venezuela)
_d20-26 Sep 1981
245 1 _aAgro-climatic modeling as an agricultural research tool [climatologia, modelo matematico, Brasil]
260 3 _aBrasilia, DF (Brasil):
_c1981.
300 _a13 p.
500 _a9 ref.; Summary (Eng)
650 _aCLIMATOLOGIA
650 _aMODELO MATEMATICO
909 _a202309
_bLucia
_c55
_dLucia Elande
942 _cBK
999 _c32570
_d32570